<?xml version="1.0" encoding="UTF-8"?>
<record
    xmlns:xsi="http://www.w3.org/2001/XMLSchema-instance"
    xsi:schemaLocation="http://www.loc.gov/MARC21/slim http://www.loc.gov/standards/marcxml/schema/MARC21slim.xsd"
    xmlns="http://www.loc.gov/MARC21/slim">

  <leader>04485    a2200493   4500</leader>
  <controlfield tag="001">57423</controlfield>
  <controlfield tag="005">20260407155836.0</controlfield>
  <controlfield tag="008">260407a2016    arg                 spa d</controlfield>
  <controlfield tag="003">AR-UNSa-BCEJYS</controlfield>
  <datafield tag="040" ind1=" " ind2=" ">
    <subfield code="a">AR-UNSa-BCEJYS</subfield>
    <subfield code="b">spa</subfield>
    <subfield code="c">AR-UNSa-BCEJYS</subfield>
  </datafield>
  <datafield tag="080" ind1=" " ind2=" ">
    <subfield code="a">349.2</subfield>
    <subfield code="x">Derecho del Trabajo</subfield>
  </datafield>
  <datafield tag="245" ind1="1" ind2="0">
    <subfield code="a">Derecho del trabajo</subfield>
    <subfield code="p">un estudio sobre las implicancias del nuevo C&#xF3;digo Civil y Comercial desde una perspectiva cr&#xED;tica</subfield>
  </datafield>
  <datafield tag="020" ind1=" " ind2=" ">
    <subfield code="a">978-9974-745-03-2</subfield>
  </datafield>
  <datafield tag="264" ind1=" " ind2="1">
    <subfield code="a">Montevideo :</subfield>
    <subfield code="b">B de F</subfield>
    <subfield code="c">2016</subfield>
  </datafield>
  <datafield tag="300" ind1=" " ind2=" ">
    <subfield code="a">xix, 417 p.</subfield>
    <subfield code="c">23 cm.</subfield>
  </datafield>
  <datafield tag="505" ind1=" " ind2=" ">
    <subfield code="a">1. Algunas pocas vi&#xF1;etas en torno de la precariedad laboral / Tom&#xE1;s Raffo - 2.2. Estrategias empresariales en la era de globalizaci&#xF3;n .Tercerizaci&#xF3;n y repuestas de los trabajadores / Daniel  Ximenez S&#xE1;ez &#x2013; 3.La tercerizaci&#xF3;n como estrategia de reformulaci&#xF3;n  de las formulaci&#xF3;n de las relaciones laborales / Victoria Basualdo y Alejandra Esponda &#x2013; 4. Principio de interpretaci&#xF3;n y aplicaci&#xF3;n  de la constituci&#xF3;n y normales internacionales de los derechos humanos. Principios del derecho de trabajo y justicia social / David Duarte &#x2013; 5. La interpretaci&#xF3;n de la norma laboral en el derecho argentino / Antonio Barrera Nicholson &#x2013; 6. Fuentes del derecho del trabajo / Enrique Mario Rozenberg &#x2013; 7. Personas jur&#xED;dicas en la relaci&#xF3;n  laboral y el c&#xF3;digo civil y comercial / Cesar Arese &#x2013; 8. El trabajo de las personas menores  y sus relaciones familiares en el c&#xF3;digo civil y comercial en conjunci&#xF3;n con las normas laborales /Liliana Hebe Litterio &#x2013; 9. El trabajo infantil y adolecente y la incidencia de la reforma del c&#xF3;digo civil y comercial de la naci&#xF3;n / Mar&#xED;a Martha  Terrango &#x2013; 10. La inoponibilidad de la personalidad jur&#xED;dica en el derecho de trabajo tras la reforma del c&#xF3;digo civil (Actual c&#xF3;digo civil y comercial de la naci&#xF3;n) / Diana R. Ca&#xF1;al &#x2013; 11.Una teor&#xED;a general especifica de las obligaciones  laborales y el nuevo c&#xF3;digo civil y comercial  unificado (una visi&#xF3;n algo cin&#xE9;fila) / Mario Elffman - 12. El nuevo c&#xF3;digo Civil y comercial y su incidencia en la corrosi&#xF3;n del derecho de trabajo .El caso particular  de los contratos de suministro, obra y servicios / Guillermo E. P&#xE9;rez Crespo &#x2013; 13.  Los contratos asociados en el nuevo c&#xF3;digo civil y comercial en relaci&#xF3;n a los derechos de los trabajadores. La historia inacabada de la insolidaridad empresaria / Guillemo Pajoni &#x2013; 14. El agente como figura legal fraudulento en el nuevo c&#xF3;digo civil y comercial /Leonardo Elgorriaga &#x2013; 15. Los contratos de concesi&#xF3;n y franquicias en el c&#xF3;digo civil y comercial .Sus relaciones con el derecho de trabajo / Antonio J. Barrera Nicholson &#x2013; 16.El fideicomiso en el nuevo c&#xF3;digo civil y comercial y en marco de relaciones laborales / Hugo Roberto Mansueti &#x2013; 17. La protecci&#xF3;n del cr&#xE9;dito laboral mediante el r&#xE9;gimen de privilegios en el nuevo c&#xF3;digo civil y comercial / Gabriela Fernanda Boquin &#x2013; 18.El deber de prevenci&#xF3;n del da&#xF1;o,la acci&#xF3;n preventiva(art 1710 y 1711,CC YC), y sus aplicaciones en el mundo laboral / Luis Enrique Ramirez &#x2013; 19. Las fundaciones (Preventiva y resarcitoria) de la responsabilidad civil en el nuevo c&#xF3;digo y su influencia en materia de da&#xF1;o laboral / Juan J.Formaro &#x2013; 20.Los da&#xF1;os punitivos en el &#xE1;mbito del derecho laboral Daniel Favier &#x2013; 21.La responsabilidad del estado en el nuevo c&#xF3;digo civil y comercial de la naci&#xF3;n / Horacio Ricardo Gonzalez Matias Cremonte y Alexis Barraza. </subfield>
  </datafield>
  <datafield tag="041" ind1=" " ind2=" ">
    <subfield code="a">spa</subfield>
  </datafield>
  <datafield tag="942" ind1=" " ind2=" ">
    <subfield code="c">BK</subfield>
  </datafield>
  <datafield tag="590" ind1=" " ind2=" ">
    <subfield code="a">niveau_biblio:m niveau_hierar:0</subfield>
  </datafield>
  <datafield tag="100" ind1="1" ind2=" ">
    <subfield code="a">Duarte, David</subfield>
  </datafield>
  <datafield tag="700" ind1="1" ind2=" ">
    <subfield code="a">Raffo, Tom&#xE1;s</subfield>
  </datafield>
  <datafield tag="700" ind1="1" ind2=" ">
    <subfield code="a">Xim&#xE9;nez S&#xE1;ez, Daniel</subfield>
  </datafield>
  <datafield tag="700" ind1="1" ind2=" ">
    <subfield code="a">Basualdo, Victoria</subfield>
  </datafield>
  <datafield tag="700" ind1="1" ind2=" ">
    <subfield code="a">Esponda, Alejandra</subfield>
  </datafield>
  <datafield tag="700" ind1="1" ind2=" ">
    <subfield code="a">Barrera Nicholson, Antonio J.</subfield>
  </datafield>
  <datafield tag="700" ind1="1" ind2=" ">
    <subfield code="a">Rozenberg, Enrique Mario</subfield>
  </datafield>
  <datafield tag="700" ind1="1" ind2=" ">
    <subfield code="a">Arese, C&#xE9;sar</subfield>
  </datafield>
  <datafield tag="700" ind1="1" ind2=" ">
    <subfield code="a">Litterio, Liliana Hebe</subfield>
  </datafield>
  <datafield tag="700" ind1="1" ind2=" ">
    <subfield code="a">Terragno, Mar&#xED;a Martha</subfield>
  </datafield>
  <datafield tag="700" ind1="1" ind2=" ">
    <subfield code="a">Ca&#xF1;al, Diana R.</subfield>
  </datafield>
  <datafield tag="700" ind1="1" ind2=" ">
    <subfield code="a">Elffman, Mario</subfield>
  </datafield>
  <datafield tag="700" ind1="1" ind2=" ">
    <subfield code="a">P&#xE9;rez Crespo, Guillermo E.</subfield>
  </datafield>
  <datafield tag="700" ind1="1" ind2=" ">
    <subfield code="a">Pajoni, Guillermo</subfield>
  </datafield>
  <datafield tag="700" ind1="1" ind2=" ">
    <subfield code="a">Elgorriaga, Leonardo</subfield>
  </datafield>
  <datafield tag="700" ind1="1" ind2=" ">
    <subfield code="a">Mansueti, Hugo Roberto</subfield>
  </datafield>
  <datafield tag="700" ind1="1" ind2=" ">
    <subfield code="a">Boquin, Gabriela Fernanda</subfield>
  </datafield>
  <datafield tag="700" ind1="1" ind2=" ">
    <subfield code="a">Ram&#xED;rez, Luis Enrique</subfield>
  </datafield>
  <datafield tag="700" ind1="1" ind2=" ">
    <subfield code="a">Formaro, Juan J.</subfield>
  </datafield>
  <datafield tag="700" ind1="1" ind2=" ">
    <subfield code="a">Favier, Daniela</subfield>
  </datafield>
  <datafield tag="700" ind1="1" ind2=" ">
    <subfield code="a">Gonz&#xE1;lez, Horacio Ricardo</subfield>
  </datafield>
  <datafield tag="700" ind1="1" ind2=" ">
    <subfield code="a">Cremonte, Mat&#xED;as</subfield>
  </datafield>
  <datafield tag="700" ind1="1" ind2=" ">
    <subfield code="a">Barraza, Mario Alexis</subfield>
  </datafield>
  <datafield tag="856" ind1="4" ind2="1">
    <subfield code="u">https://biblioeco.unsa.edu.ar/pmb/images/libros/L128777.jpg</subfield>
    <subfield code="y">Imagen de portada</subfield>
    <subfield code="q">image/jpeg</subfield>
  </datafield>
  <datafield tag="999" ind1=" " ind2=" ">
    <subfield code="c">6204</subfield>
    <subfield code="d">6204</subfield>
  </datafield>
  <datafield tag="952" ind1=" " ind2=" ">
    <subfield code="0">0</subfield>
    <subfield code="1">0</subfield>
    <subfield code="4">0</subfield>
    <subfield code="7">0</subfield>
    <subfield code="a">BCEJYS</subfield>
    <subfield code="b">BCEJYS</subfield>
    <subfield code="c">16</subfield>
    <subfield code="d">2026-04-07</subfield>
    <subfield code="l">0</subfield>
    <subfield code="o">349.2 D812</subfield>
    <subfield code="p">L128777</subfield>
    <subfield code="r">2026-04-07 15:58:36</subfield>
    <subfield code="w">2026-04-07</subfield>
    <subfield code="y">L</subfield>
  </datafield>
  <datafield tag="952" ind1=" " ind2=" ">
    <subfield code="0">0</subfield>
    <subfield code="1">0</subfield>
    <subfield code="4">0</subfield>
    <subfield code="7">0</subfield>
    <subfield code="a">BCEJYS</subfield>
    <subfield code="b">BCEJYS</subfield>
    <subfield code="c">16</subfield>
    <subfield code="d">2026-04-07</subfield>
    <subfield code="l">0</subfield>
    <subfield code="o">349.2 D812</subfield>
    <subfield code="p">L128778</subfield>
    <subfield code="r">2026-04-07 15:58:36</subfield>
    <subfield code="w">2026-04-07</subfield>
    <subfield code="y">L</subfield>
  </datafield>
</record>
